Logo BPK

Biblioteka

Politechniki Koszalińskiej

Optimalnoe upravlenie podemno-transportnymi masinami / (Rekord nr 16498)

Szczegóły MARC
000 -ETYKIETA REKORDU
podpole kontrolne o stałej długości 00409nam a2200157 i 4500
001 - NUMER KONTROLNY REKORDU
pole kontrolne bg
040 ## - ŹRÓDŁO KATALOGOWANIA
Instytucja, która utworzyła rekord BPK
041 ## - KOD JĘZYKA
Kod języka tekstu pol
080 ## - UNIWERSALNA KLASYFIKACJA DZIESIĘTNA - UKD
UKD 621.87
008 - POLE O STAŁEJ DŁUGOŚCI - DANE KONTROLNE
podpole kontrolne o stałej długości s pl f |000 0 pol
100 1# - NAZWA OSOBOWA
Nazwa osobowa SMECHOV, Anatolij A.
245 #0 - TYTUŁ/ODPOWIEDZIALNOŚĆ
Tytuł Optimalnoe upravlenie podemno-transportnymi masinami /
Pozostałe elementy strefy tytułu i oznaczenia odpowiedzialności A.A. Smechow, N.I. Erofeew.
260 ## - STREFA ADRESU WYDAWNICZEGO
Miejsce wydania Moskva,
Data publikacji, dystrybucji/powstania dokumentu 1975.
700 1# - HASŁO DODATKOWE - NAZWA OSOBOWA
Nazwa osobowa EROFEEV, Nikolaj I.
856 ## - LOKALIZACJA I DOSTĘP DO ELEKTRONICZNYCH DOKUMENTÓW ZDALNYCH
Link (URL) http://koha.tu.koszalin.pl/cgi-bin/koha/opac-detail.pl?biblionumber=16498
Tekst linku Katalog online BPK
942 ## - DODATKOWE ELEMENTY (KOHA)
Typ dokumentu Książka
Egzemplarze
Wycofany Status egzemplarza Uszkodzony Dostępność Lokalizacja stała Lokalizacja bieżąca Miejsce przechowywania Sygnatura Kod kreskowy Typ dokumentu
      Dostępny Biblioteka Politechniki Koszalińskiej Biblioteka Politechniki Koszalińskiej Wypożyczalnia BG 20268 01690590 Książka
© 2023 Biblioteka Politechniki Koszalińskiej :: KOHA